000
00304nam a2200145Ia 4500
100
_a
Perelman/ Ya
490
_v
2
942
_c
BK
654
_a
Entertainment
245
_a
Physics for entertainment
260
_b
Mir Publishers
_a
Moscow
_c
1977
082
_a
530
300
_a
330
546
_a
ENGLISH
999
_c
31799
_d
31799